| 000 | 01032nam a2200277 a 4500 | ||
|---|---|---|---|
| 001 | BRCA_8241 | ||
| 005 | 20190320210206.0 | ||
| 008 | 260514s1929----sp-a###f##---#001-0#spa-# | ||
| 041 | _aspa | ||
| 044 | _asp | ||
| 050 | 4 |
_aN5811 _b.H8 1929 |
|
| 100 | 1 |
_aHuici, S. _920550 |
|
| 245 | 1 | 0 |
_aEl santuario de San Miguel de Excelsis (Navarra) y su retablo esmaltado _bestudio comparativo entre los esmaltes de San Miguel y los más importantes que existen en España y en el extranjero _cS. Huisti y V. Juaristi. |
| 260 |
_aMadrid _bEspasa-Calpe _c1929 |
||
| 300 |
_a181 p. _bil., 98 láminas _c38 cm. |
||
| 500 | _aT67 | ||
| 600 | 1 | 4 |
_aMiguel, San _cArcángel _920551 |
| 610 | 2 | 4 |
_aIglesia de Excelsis _y1032- _zNavarra, España _920552 |
| 650 | 1 | 4 |
_aRetablos _ySiglo XII _zNavarra, España _920553 |
| 650 | 1 | 4 |
_aRetablos _vEstudio y comparación _920554 |
| 650 | 1 | 4 |
_aArte románico _zNavarra, España _920555 |
| 650 | 1 | 4 |
_aArte sacro _zNavarra, España _920556 |
| 700 | 1 |
_aJuaristi, V. _ecoaut. _920557 |
|
| 902 | _aGFM | ||
| 942 |
_2lcc _cB |
||
| 999 |
_c7909 _d7909 |
||